| 000 | 01022nam a2200217 a 4500 | ||
|---|---|---|---|
| 001 | 79409 | ||
| 003 | BD-RjUL | ||
| 005 | 20220217111016.0 | ||
| 008 | 220219s1915 u 000 0 ara d | ||
| 035 | _a(BD-RjUL)79409 | ||
| 040 |
_aNNL _bara _cBD-RjUL |
||
| 041 | _aara | ||
| 082 |
_223 _a892.71 _bMAL 1915 |
||
| 100 | 0 |
_a Al-Maarri, Abu Al-Ala Ahmed bin Abdullah bin Sulayman ;; المعري، ابو العلاء أحمد بن عبدالله بنسليمان _d973-1057 _91433 |
|
| 245 | 1 | 0 |
_a ' لزوم ما لا يلزم :' لشاعر الفلاسفة وفيلسوف الشعراء ;; luzum ma la yalzam : lishaeir alfalasifat wafaylasuf alshueara'/ _cAbu Al-Ala Ahmed bin Abdullahbin Suleiman al-Maarri ,;; ابو العلاء أحمد بن عبدالله بن سليمان المعري |
| 246 | 1 |
_iCover title: _aal-Luzumiyat |
|
| 260 |
_a مصر : _bطبع بمطبعة الجمالية, _c1915 |
||
| 300 |
_aمجلدان.; _c23 cm |
||
| 650 | 4 |
_aArabic poetry _y750-1258 _9204 |
|
| 942 |
_2ddc _cBK |
||
| 999 |
_c79409 _d79409 |
||